Statistics for Most World Capitals You Can Name in Five Minutes

Click here to take the quiz!

General Stats

  • This quiz has been taken 32,899 times
  • The average score is 85 of 196

Answer Stats

Capital % Correct
Washington, D.C.
89%
Paris
88%
London
87%
Rome
82%
Madrid
81%
Berlin
81%
Moscow
81%
Oslo
78%
Mexico City
77%
Lisbon
75%
Ottawa
75%
Beijing
75%
Tokyo
75%
Helsinki
71%
Dublin
71%
Cairo
71%
Stockholm
71%
Canberra
70%
Brasilia
70%
Athens
70%
Amsterdam
68%
Bern
66%
Lima
65%
Buenos Aires
64%
Budapest
64%
Copenhagen
64%
Warsaw
63%
Vienna
63%
New Delhi
63%
Wellington
63%
Kiev
62%
Brussels
62%
Seoul
61%
Riga
61%
Prague
61%
Ankara
60%
Bucharest
60%
Bloemfontein / Pretoria /
Cape Town
59%
Santiago
59%
Tallinn
57%
Minsk
56%
Vatican City
56%
Jerusalem
54%
Panama City
54%
Caracas
54%
Bogota
54%
Havana
54%
Bangkok
54%
Monaco
53%
Jakarta
53%
Vilnius
52%
Quito
52%
Algiers
51%
La Paz / Sucre
51%
Sofia
51%
Kingston
51%
Kingstown
51%
Tunis
51%
Luxembourg
51%
Hanoi
50%
Manila
50%
Zagreb
50%
Belgrade
50%
Baghdad
50%
San Marino
50%
Montevideo
49%
Kabul
48%
Pyongyang
48%
Reykjavik
48%
Islamabad
48%
Tehran
48%
Vaduz
48%
Singapore
47%
Rabat
47%
Bratislava
46%
Andorra la Vella
46%
Riyadh
46%
Nur-Sultan
45%
Georgetown
45%
Asuncion
44%
Amman
44%
Valletta
44%
Guatemala City
44%
Tirana
44%
Tripoli
43%
Baku
43%
Port-au-Prince
43%
Dhaka
43%
Sarajevo
43%
San Jose
42%
Abu Dhabi
42%
Damascus
42%
Sana'a
41%
Kuala Lumpur
41%
Doha
41%
Dakar
41%
Managua
40%
San Salvador
40%
Skopje
40%
Nairobi
40%
Taipei
40%
Beirut
40%
Pristina
39%
Nicosia
39%
Dili
38%
Abuja
38%
Suva
38%
Accra
38%
Yerevan
38%
Nassau
37%
Muscat
37%
Chisinau
37%
Kuwait City
37%
Manama
37%
Podgorica
37%
Male
36%
Addis Ababa
36%
Ljubljana
36%
Santo Domingo
35%
Paramaribo
35%
Tashkent
35%
Belmopan
35%
Saint John's
35%
Kathmandu
35%
Port-of-Spain
35%
Apia
34%
Port Moresby
34%
Freetown
34%
Luanda
33%
Tegucigalpa
33%
Lome
33%
Juba
33%
Kinshasa
33%
Khartoum
33%
Asmara
33%
Saint George's
33%
Ashgabat
32%
Tbilisi
32%
Bridgetown
32%
Maputo
32%
Bishkek
32%
Harare
32%
Djibouti
31%
Dodoma
31%
Castries
31%
Ulaanbaatar
31%
Lusaka
31%
Dushanbe
30%
Roseau
30%
Phnom Penh
30%
Kampala
30%
Vientiane
30%
Kigali
30%
Praia
29%
Victoria
29%
Mogadishu
29%
Port Vila
29%
Brazzaville
28%
Maseru
28%
Port Louis
28%
Bangui
28%
Banjul
28%
Bamako
28%
Windhoek
28%
Antananarivo
28%
Porto-Novo
27%
Yaren
26%
Honiara
26%
Libreville
26%
Monrovia
26%
Basseterre
25%
Malabo
25%
Funafuti
25%
Mbabane
24%
Majuro
24%
Niamey
24%
Thimphu
24%
Sao Tome
23%
Conakry
23%
Gaborone
23%
Bissau
23%
Sri Jayewardenepura Kotte
23%
Yaounde
22%
Palikir
22%
Lilongwe
22%
Moroni
21%
N'Djamena
21%
Naypyidaw
20%
South Tarawa
20%
Nuku'alofa
19%
Gitega
19%
Ouagadougou
19%
Nouakchott
17%
Yamoussoukro
17%
Bandar Seri Begawan
16%
Ngerulmud
15%

Score Distribution

Percentile by Number Answered

Percent of People with Each Score

Your Score History

You have not taken this quiz